|
|
|
|
| LEADER |
01479nam a2200265 a 4500 |
| 001 |
GR-MES10256 |
| 003 |
GR-PaULI |
| 005 |
20240129130632.0 |
| 008 |
060626s2005 maua b 001 0 eng d |
| 020 |
|
|
|a 0321269764
|
| 040 |
|
|
|a GrPaTEI
|b gre
|c GR-PaULI
|e AACR2
|
| 082 |
0 |
4 |
|2 23
|a 004.678
|
| 100 |
|
|
|a Kurose, James F.
|9 42879
|e συγγραφέας.
|
| 245 |
1 |
0 |
|a Computer networking :
|b a top-down approach featuring the Internet /
|c James F. Kurose, Keith W. Ross.
|
| 250 |
|
|
|a 3rd ed.
|
| 260 |
|
|
|a Boston :
|b Pearson/ Addison Wesley,
|c c2005.
|
| 300 |
|
|
|a xxiv , 821 σ. :
|b εικ. ;
|c 24 εκ.
|
| 504 |
|
|
|a Περιλαμβάνει βιβλιογραφικές παραπομπές και ευρετήριο.
|
| 650 |
|
4 |
|a Ηλεκτρονικοί υπολογιστές
|9 64562
|x Δίκτυα.
|
| 700 |
1 |
|
|a Ross, Keith W.,
|d 1956-
|e συγγραφέας.
|9 42880
|
| 942 |
|
|
|2 ddc
|c BK
|
| 952 |
|
|
|0 0
|1 0
|2 ddc
|4 0
|6 004_678000000000000_KUR
|7 0
|9 269804
|a MSLG
|b MSLG
|c BSC
|d 2021-01-17
|e 24
|f 0
|g 0.00
|l 0
|o 004.678 KUR
|p 2420000020513
|r 2021-01-17 00:00:00
|t 1
|w 2021-01-17
|y BK15
|x 20060626 0 1
|x GrPaTEI
|
| 952 |
|
|
|0 0
|1 0
|2 ddc
|4 0
|6 004_678000000000000_KUR
|7 0
|9 269805
|a MSLG
|b MSLG
|c BSC
|d 2021-01-17
|e 24
|f 0
|g 0.00
|l 0
|o 004.678 KUR
|p 2420000020514
|r 2021-01-17 00:00:00
|t 2
|w 2021-01-17
|y BK15
|x 20060626 0 1
|x GrPaTEI
|
| 952 |
|
|
|0 0
|1 0
|2 ddc
|4 0
|6 004_678000000000000_KUR
|7 0
|9 377001
|a LISP
|b LISP
|c BSC
|d 2024-01-29
|i 38875
|l 0
|o 004.678 KUR
|p 025000306445
|r 2024-01-29 00:00:00
|t 3
|w 2024-01-29
|y BK15
|
| 999 |
|
|
|c 155744
|d 155744
|